Má používanie webových aplikácií opodstatnenie pri výučbe odborného anglického jazyka na univerzitnom stupni štúdia?
Význam weblogov vo vyučovaní cudzích jazykov. Výskumný projekt KEGA „Vplyv webových aplikácií na rozvoj jazykových zručností“ - opodstatnenosť používania weblogov vo vyučovaní odborného anglického jazyka a ich význam pre rozvoj čítania a písania.
Salvato in:
| Autore principale: | |
|---|---|
| Altri autori: | |
| Natura: | Capitolo di libro |
| Lingua: | slovacco |
| Soggetti: | |
| Tags: |
Nessun Tag, puoi essere il primo ad aggiungerne!!
|
MARC
| LEADER | 00000nla a2200000 4500 | ||
|---|---|---|---|
| 001 | 0195678 | ||
| 005 | 20240530101607.1 | ||
| 041 | 0 | |a slo | |
| 044 | |a CZ | ||
| 245 | 1 | 0 | |a Má používanie webových aplikácií opodstatnenie pri výučbe odborného anglického jazyka na univerzitnom stupni štúdia? |c Hana Pašková, Eleonóra Zsapková |
| 520 | |a Význam weblogov vo vyučovaní cudzích jazykov. Výskumný projekt KEGA „Vplyv webových aplikácií na rozvoj jazykových zručností“ - opodstatnenosť používania weblogov vo vyučovaní odborného anglického jazyka a ich význam pre rozvoj čítania a písania. | ||
| 610 | 2 | 0 | |a vzdelávanie vysokoškolské |
| 610 | 2 | 0 | |a jazyky cudzie |
| 610 | 2 | 0 | |a angličtina |
| 610 | 2 | 0 | |a projekty |
| 610 | 2 | 0 | |a technológie informačné |
| 610 | 2 | 0 | |a technológie komunikačné |
| 100 | 1 | |a Pašková, Hana | |
| 700 | 1 | |a Zsapková, Eleonóra | |